[Event "Match 79__120'/40"]
[Site "Zürich"]
[Date "2024.??.??"]
[Round "20"]
[White "Mephisto Polgar sel. 5"]
[Black "Mephisto Explorer Pro"]
[Result "0-1"]
[WhiteElo "1981"]
[BlackElo "2013"]
[Annotator "Utzinger,K"]
[PlyCount "91"]
[EventDate "2024.10.21"]
[EventType "match"]
[SourceVersionDate "2024.10.21"]

{[%evp 0,91,19,38,60,60,55,50,36,36,42,66,64,47,41,34,31,26,24,31,25,25,25,23,24,17,18,13,13,14,15,10,13,13,9,0,-14,-18,9,3,4,-3,12,-9,19,20,43,-1,0,-69,-66,-65,-71,-66,-79,-53,-40,-45,-37,-40,-38,-48,-55,-62,-59,-18,-28,-10,-14,-7,-9,-197,-195,-207,-236,-236,-236,-379,-401,-347,-346,-463,-460,-608,-657,-694,-716,-732,-621,-727,-727,-742,-759,-800]} 1. e4 c6 {Match 120'/40 | Bediener: Rolf Bühler | 20. Partie: Schwarz (Mephisto Explorer Pro) gewinnt | Zwischenstand: 10,5-9,5 (52,5%) für Mephisto Explorer Pro / hypothetisch: 10,5-9,5 (52,5%) für Mephisto Explorer Pro | Eröffnung: Caro Kann Verteidigung, Capablanca System | Wie so oft mit der gewählten Eröffnung ergibt sich eine ausgeglichene und ruhige Partie. Ein friedliches Ende wäre angemessen gewesen. Im Endspiel mit Schwerfiguren gibt der Mephisto Polgar im 32. Zug seine Dame für zwei gegnerische Türme. Das hätte in der Folge gerade noch zum Ausgleich genügt. Aber mit 35.f3? schwächt der Mephisto Polgar die geschützte Stellung seines Königs. Und dem Gegner gelingt es auf einfache Art und Weise, diesen tödlichen Fehler zu bestrafen.} 2. d4 d5 3. Nc3 dxe4 4. Nxe4 Bf5 5. Ng3 Bg6 6. h4 h6 {***ENDE BUCH***} 7. h5 Bh7 8. Nf3 {***ENDE BUCH***} e6 9. Bd3 Bxd3 10. Qxd3 Nf6 11. Bf4 (11. Bd2 {ist die üblichste Fortsetzung}) 11... Qa5+ 12. Bd2 Bb4 13. c3 Bd6 14. c4 Bb4 15. a3 Bxd2+ 16. Nxd2 {Nichts spricht auch gegen das Schlagen mit der Dame.} (16. Qxd2 Qc7 17. Rh4 Nbd7 18. Qc3 c5 19. dxc5 Nxc5 20. b4 Ncd7 21. Kf1 $11 {½-½ (77) Milosevic,G (2381)-Kortschnoj,V (2624) Switzerland 2008}) 16... Nbd7 $11 {Schwarz steht keinesfalls schlechter. Weiss hat etwas Raumvorteil. Aber die Bauernstruktur spricht eher für Schwarz, sind doch die beiden Bauern auf h5 und d4 anfällig gegen Angriffe.} 17. b4 Qc7 18. Nde4 Nxe4 19. Nxe4 O-O-O {Hier fragt sich, ob die kurze Rochade nicht die leicht bessere Wahl war.} ({Rems M-091224-avx2:} 19... O-O 20. O-O f5 21. Nd2 Nf6 22. Rfe1 Qf7 23. a4 a6 24. Nf3 Rfd8 25. Qe3 Re8 26. Qe5 Ng4 27. Qc5 Qxh5 28. b5 cxb5 29. axb5 Rec8 30. Qb6 axb5 31. c5 Qf7 32. Qxb5 Rxa1 33. Rxa1 Rc7 34. Qb6 Kh7 35. Qb5 Rd7 36. Rb1 Qe8 37. Re1 Nf6 38. Qb2 Re7 39. Ne5 Ne4 40. Rb1 Ng5 41. Qb6 Nf7 42. Nxf7 Qxf7 43. Re1 Qe8 44. Qd6 Rd7 45. Qxe6 Qxe6 46. Rxe6 Rxd4 47. Re7 {[%eval -11,53] [%wdl 5,981,14]}) 20. Rd1 {Weiss hat keinen Plan und kann die gegnerische Ungenauigkeit nicht ausnutzen.} ({Nach} 20. c5 Nf6 21. Nd6+ Kb8 22. Qg3 {steht Weiss besser}) 20... Rhg8 $6 {Nicht am besten und nur zum weissen Vorteil ausfallend.} (20... f5 21. Nd2 Ne5 22. Qc3 Ng4 23. Nf3 Rd7 24. Qc2 Rhd8 25. g3 c5 26. bxc5 Qxc5 $11) (20... Nf6 21. Kf1 Qf4 22. Nxf6 Qxf6 23. g3 Rd6 24. Rh4 e5 25. d5 Rhd8 26. Qe4 $11) 21. Nc3 ({Erneut war} 21. c5 $1 Nf6 22. Nd6+ {vorteilhaft für Weiss}) 21... g6 {Schwarz sucht durch Öffnung der g-Linie offenbar Gegenspiel.} 22. g3 g5 $2 {Schwarz wird seiner Idee untreu und schliesst die g-Linie.} (22... Nf6 23. hxg6 Rxg6 $14) (22... gxh5 23. Rxh5 Rg6 $11) 23. Qh7 $2 {Geht auf Bauernjagd, was aber nur Ausgleich zur Folge haben sollte.} Ne5 $5 {Eine taktisch interessante Verteidigung.} 24. dxe5 Qxe5+ 25. Kf1 Qxc3 26. Kg2 Qxc4 27. Rhe1 {Weiss hat 2 Bauern weniger, aber erstaunlicherweise kann Schwarz daraus keinen Profit ziehen.} Rdf8 28. Qxh6 {Nun ist es nur noch ein weisser Minusbauer.} Qg4 29. Qh7 ({Rems 011224-avx2: 1)} 29. b5 Rh8 30. Qg7 Qxh5 31. Rh1 Qg6 32. Qxg6 fxg6 33. Rxh8 Rxh8 34. bxc6 bxc6 35. Rd6 Kb7 36. Rxe6 c5 37. Kf3 c4 38. Ke2 Rd8 39. Re4 c3 40. Rc4 Rd2+ 41. Kf3 c2 42. Ke3 Rd6 43. Rxc2 Ra6 44. Rc3 Ra4 45. f3 Kb6 46. Ke2 Ra6 47. f4 gxf4 48. gxf4 Kb5 49. Re3 Kc5 50. Kf3 Kd6 51. Kg4 Ra5 52. Re8 Rxa3 53. Rg8 Ke7 54. Rxg6 {[%eval 0,64] [%wdl 6,988,6]}) ({Rems 011224-avx2: 2)} 29. Qf6 Qxh5 30. b5 Rh8 31. Rh1 Qg6 32. Qxg6 fxg6 33. Rxh8 Rxh8 34. bxc6 bxc6 35. Rd6 Kb7 36. Rxe6 c5 37. Kf3 c4 38. Ke2 Rd8 39. Re4 c3 40. Rc4 Rd2+ 41. Kf3 c2 42. Ke3 Rd6 43. Rxc2 Ra6 44. Rc3 Ra4 45. f3 Kb6 46. Ke2 Ra6 47. f4 gxf4 48. gxf4 Kb5 49. Re3 Kc5 50. Kf3 Kd6 51. Kg4 Ra5 52. Re8 Rxa3 53. Rg8 Ke7 54. Rxg6 {[%eval 0,64] [%wdl 6,988,6]}) 29... Rh8 30. Qg7 Qxh5 {Obwohl Schwarz wieder 2 Bauern mehr besitzt, ist die Stellung nicht zu gewinnen.} 31. Rh1 Qg6 32. Qxh8 $6 {Viel sicherer war 32.Dd4, als die Dame für zwei Türme herzugeben.} Rxh8 33. Rxh8+ Kc7 34. Rhd8 Kb6 {[#]} 35. f3 $2 {[%mdl 2] Diese Schwächung der weissen Königsstellung erweist sich als tödlich. Die modernen Engines reklamieren denn auch Gewinn für Schwarz. Und der Mephisto Explorer Pro zeigt sich seiner Aufgabe bestens gewachsen. Dabei hatte Weiss im letzten Moment die Möglichkeit, durch das aktive 35.T1d7 mit der Drohung Tb8 das Gleichgewicht zu wahren.} (35. R1d7 Qe4+ 36. Kg1 Qb1+ 37. Kg2 f5 38. Rb8 Qe4+ 39. Kg1 Kb5 40. Rdxb7+ Kc4 41. Re7 $1 f4 42. Rbe8 $11 {und Schwarz ist praktisch gezwungen, sich mit Dauerschach zufrieden zu geben.}) 35... g4 {Auch 31...e5 und 31...Df6 gewinnen leicht.} 36. R8d3 gxf3+ 37. Kxf3 e5 38. Rd7 f5 39. Kf2 Qg4 40. R1d2 e4 41. a4 Qf3+ 42. Ke1 e3 43. a5+ Kb5 44. Rc2 Qxg3+ 45. Kf1 Qf3+ 46. Kg1 {***AUFGEGEBEN***} 0-1

[Event "Match 79__120'/40"]
[Site "Zürich"]
[Date "2024.??.??"]
[Round "21"]
[White "Mephisto Explorer Pro"]
[Black "Mephisto Polgar sel. 5"]
[Result "1-0"]
[WhiteElo "2013"]
[BlackElo "1981"]
[Annotator "Utzinger,K"]
[PlyCount "112"]
[EventDate "2024.10.21"]
[EventType "match"]
[SourceVersionDate "2024.10.21"]

{[%evp 0,112,19,-12,11,33,11,4,13,8,8,3,26,13,36,35,51,52,39,39,29,-1,55,49,75,83,83,74,100,37,90,92,103,91,115,81,109,109,113,127,116,111,117,107,90,73,127,109,113,97,60,63,63,73,63,75,72,64,90,86,86,53,45,44,45,63,74,56,99,97,88,77,63,98,93,124,127,113,112,98,131,122,113,108,130,131,139,115,114,110,149,183,184,186,189,186,202,181,185,185,185,199,192,218,263,263,277,330,435,500,597,353,582,406,659]} 1. c4 c5 {Match 120'/40 | Bediener: Rolf Bühler | 21. Partie: Weiss (Mephisto Explorer Pro) gewinnt | Zwischenstand: 11,5-9,5 (54,7%) für Mephisto Explorer Pro / hypothetisch: 11,5-9,5 (54,7%) für Mephisto Explorer Pro | Eröffnung: Englisch, Symmetrie Variante | In einer schwerblütigen und für unsere Oldies undurchsichtigen Partie hat der Mephisto Explorer Pro das bessere Händchen. Mit diesem Sieg baut das holländische Programm von Frans Morsch seine Führung auf 2 Punkte aus.} 2. Nc3 Nc6 3. g3 {***ENDE BUCH***} g6 4. Bg2 Bg7 5. Nf3 Nf6 {***ENDE BUCH***} 6. d4 {In symmetrischen Stellungen ist es normalerweise Weise, der den Gang der Dinge bestimmen und als erster aktiv werden kann.} Nxd4 {Das ist nur Zugumstellung zu 6...cxd4 7.Sxd4 Sxd4 8.Dxd4} 7. Nxd4 cxd4 8. Qxd4 d6 9. O-O O-O 10. b3 {Hier gibt es eine Palette von Alternativen.} (10. Qd3 Rb8 11. Bf4 {½-½ (70) Iturrizaga Bonelli,E (2617)-Andreikin,D (2729) Chess.com INT 2023}) (10. Qd2 Be6 11. b3 d5 12. Nxd5 Nxd5 13. cxd5 Bxd5 {½-½ (16) Krogius,N (2545)-Geller,E (2590) Sochi 1977}) (10. Qh4 Be6 11. Bg5 Qa5 12. Rac1 Rab8 {½-½ (64) Usmanov,V (2431)-Khalifman,A (2621) St Petersburg 2014}) (10. Bg5 h6 11. Bd2 {Rems 011224-avx2:} Bf5 12. Rac1 Re8 {= (0.20) (51%) ST 40}) 10... Ng4 $14 {Natürlich können unsere Oldies die von Rems 011224-avx2 auf ST 57 angezeigte Hauptvariante 10...d5! als zum Ausgleich führend nicht erkennen. Auch 10...Le6 ist laut der Engine besser als alle übrigen bekannten Varianten.} ({Rems 011224-avx2: 1)} 10... d5 $1 $11 {0.00(50%)/57} 11. cxd5 Nxd5 12. Qxd5 Bxc3 13. Bh6 Qxd5 14. Bxd5 Rd8 15. Rac1 Bb2 (15... Rxd5 16. Rxc3 Bh3 17. Rfc1 f6 18. Be3 a6 19. f4 Rad8 20. Kf2 h5 {½-½ (20) Tran,M (2326)-Tran,T (2503) Hanoi 2023}) 16. Rcd1 Bh3 17. Bg2 Bxg2 18. Kxg2 f6 19. e4 Kf7 20. Be3 Ke8 21. Rxd8+ Rxd8 22. Kf3 a6 23. Rb1 Be5 24. Rc1 Bd6 25. Ke2 b5 26. f4 Ra8 27. h3 h5 28. Bd4 Kd7 29. Kf3 Rf8 30. Rd1 Ke6 31. Rc1 {[%eval 0,57] [%wdl 20,960,20]}) ({Rems 011224-avx2: 2)} 10... Be6 $11 {0.10(51%)/56} 11. Qe3 d5 12. cxd5 Bxd5 13. Rd1 e6 14. Rb1 Re8 15. Nxd5 Nxd5 16. Bxd5 exd5 17. Qf3 d4 18. e3 Qa5 19. a4 Rad8 20. Bd2 Qb6 21. exd4 Bxd4 22. Kg2 Qf6 23. Bf4 g5 24. Bc7 Rc8 25. Qxf6 Bxf6 26. Ba5 b6 27. Bd2 Rc2 28. Kf1 Re7 29. Rbc1 Rxc1 30. Rxc1 h5 31. b4 Rd7 32. Ke2 g4 33. a5 Bd4 34. Be3 Bxe3 {[%eval 10,56] [%wdl 29,958,13]}) 11. Qd2 $14 {Weiss steht nur leicht besser.} Bh6 $6 {Den Läufer von der riesenstarken Diagonale h8-a1 zu entfernen, ist nicht das Gelbe vom Ei.} 12. e3 {Gut war auch ein Wegzug der Dame, wonach sich Schwarz für oder gegen den Läufertausch entscheiden müsste.} Rb8 13. Bb2 {Nun steht der weisse Lb2 gut und der schwarze Lh6 schlecht.} Bf5 $6 {Der Rückzug des Läufers nach g7 verdient den Vorzug. Auch 13...b6 war besser als der Textzug. Nun springt die Bewertung auf +/- 1.61 (95%) zugunsten von Weiss. Solche Stellungen sind jedoch schwierig zu spielen und mit vielen Feinheiten gespickt, wo es auf jeden Zug ankommt, ob der Vorteil in den nächsten 5 - 10 Zügen weiter ausgebaut werden kann oder nicht. Es spielt eben eine Riesenrolle, ob jeder weisse Zug die Stellung um +0.10 bis +0.20 verbessert oder eben nicht. Kurzum: Wir stehen hier vor Problemen, die nur GM's und moderne Engines in der Lage sind zu lösen.} 14. Qd4 (14. Nd5 {ist deutlich stärker} Ne5 15. f4 Nd7 (15... Nc6 16. e4 Bd7 17. Qc3 f6 18. Rad1 {+- (1.94) (99%) ST 49}) 16. Qa5 $1 Nb6 (16... Qxa5 $4 17. Nxe7# {Matt}) 17. Qxa7 {+/- 1.84 (98%)}) {[#]} 14... a6 $2 {[%mdl 2] Aus Sicht unserer Oldies die erwartete Wahl, um den angegriffenen a7-Bauern zu retten. Die modernen Engines sehen das anders und geben mit 14...Lg7 den Bauern. Weiss scheint dann nur noch leichten Vorteil zu haben, weil die weisse Dame für längere Zeit sehr ungünstig steht. Den Textzug bewertet Rems 011224-avx2 mit +- (2.23) (100% +99% =1% -0%), somit als Gewinnstellung für Weiss.} (14... Bg7 15. Qxa7 Ne5 16. e4 Be6 17. Rfb1 b6 18. Nb5 $14) 15. Ne4 $1 {Das Programm von Frans Morsch findet den besten Zug.} f6 16. Rfd1 {Scheinbar sind 16.c5! und 16.Tad1 deutlich genauer, d.h. gewonnen, während Weiss nun "nur noch" klar besser steht.} ({Rems 011224-avx2:} 16. c5 d5 17. Rad1 Ne5 18. Qxd5+ Qxd5 19. Rxd5 {+- (2.19) (100%) ST 47}) ({Rems 011224-avx2:} 16. Rad1 b6 17. h3 Ne5 18. f4 Nf7 19. g4 Bxe4 20. Bxe4 {+- (2.06) (100%) ST 47}) 16... b6 17. Nc3 {+/- (1.24) (86%) ST 47/70} ({Besser} 17. h3 {+/- (1.56) (95%) ST 44} Ne5 18. f4) {[#]} 17... Qd7 $2 $18 {[%mdl 2] Damit gerät Schwarz in eine Verluststellung.} 18. e4 {Noch stärker scheint 18.Sd5 zu sein.} (18. Nd5 Qd8 19. Nb4 Qc8 20. Nc6 Rb7 21. h3 Nxe3 (21... Ne5 22. Nxe5 $18) 22. fxe3 Bxh3 $18) 18... Be6 19. f4 {Droht, mit h2-h3 den schwarzen Springer zu kassieren.} Bg7 {Macht dem Springer das Rückzugsfeld h6 frei.} 20. Nd5 b5 21. cxb5 (21. Rac1 $16 {mit Aktivierung des Turms ist genauer.}) 21... axb5 22. Rac1 ({Stärker ist} 22. h3 Nh6 23. g4 Bxd5 24. exd5 b4 25. Rdc1 Nf7 26. Rc2 Rfc8 27. Re2 $16 {und Weiss steht klar besser}) 22... Bxd5 23. Qxd5+ Kh8 24. Bh3 Ra8 $11 {In der Zwischenzeit befindet sich die Partie wieder im Gleichgewicht.} 25. a3 f5 {Auch 25...h5 war OK.} 26. Bxg7+ Kxg7 27. Qd4+ Kg8 28. exf5 gxf5 $2 $16 {Danach erhält Weiss wieder klaren Vorteil.} (28... Nf6 29. Ra1 gxf5 30. Bg2 Ra5 31. Qb6 Qa7 32. Qxa7 Rxa7 $11) 29. Bg2 Rac8 30. h3 ({Mit} 30. a4 $1 bxa4 31. bxa4 {schafft Weiss einen tödlichen Freibauern, zumal das Feld a8 durch den eigenen Läufer gedeckt ist.} Nf6 32. a5 Qb5 (32... Kf7 33. a6 Rxc1 34. Rxc1 d5) 33. Rxc8 Rxc8 34. Ra1 Qb3 35. a6 Rc4 36. Qd2 Ra4 37. Rxa4 Qxa4 38. Bf1 Kg7 39. Qe3 Kf7 40. Qd3 Kg6 41. Qc4 Qa3 42. Qe6 d5 43. Kg2 Kg7 44. Be2 Kf8 45. Qxf5 $18 {mit weisser Gewinnstellung. Für unsere Oldies ist dies als auch die ganze Gewinnführung natürlich nie und nimmer zu erkennen.}) 30... Nf6 31. Kh2 Rxc1 32. Rxc1 Rb8 $11 {Verdirbt nichts; Rems M-011224-avx2 wählt mit 32...Tc8 einen anderen und klareren Remisweg.} ({Rems M-011224-avx2:} 32... Rc8 {= (0.00) (50%) Depth 67} 33. Rxc8+ Qxc8 34. Qd3 Qd7 35. Bf1 Qa7 36. Qxf5 Qxa3 37. Qxb5 Kf8 38. Qb7 Qb2+ 39. Bg2 h5 40. b4 h4 41. gxh4 Qd2 42. Qc8+ Kf7 43. b5 Qxf4+ 44. Kh1 Qxh4 45. Qc3 Qf2 46. Qb3+ d5 47. b6 Qe1+ 48. Kh2 Qe5+ 49. Qg3 Qb2 50. Qc7 Ne8 51. Qc5 Nf6 {[%eval 0,67] [%wdl 5,990,5]}) 33. Rc3 {Nichts sprach auch gegen 33.a4, um einen Freibauern zu schaffen.} h6 $6 {Nach 33...Tc8! = wäre es Weiss nicht möglich gewesen, seinen Läufer nach e6 zu bringen.} 34. Bc6 Qd8 35. Bd5+ Kg7 36. Be6 {Nun wird es für einen Oldie bereits schwierig, das dynamische Gleichgewicht zu halten.} Qa5 $2 {Der falsche Weg, weshalb 36...b4! richtig war.} (36... b4 $1 {zerstört die gegnerische Bauernstruktur und Weiss verbleibt mit Doppelbauern auf der b-Linie, die nicht viel wert sind.} 37. axb4 Qb6 $11) 37. b4 Qb6 38. Qxb6 Rxb6 39. Bxf5 {Schwarz, mit Minusbauer und der Schwäche des leicht angreifbaren b5-Bauern, steht am Rande des Abgrunds.} Rb8 ({Stockfish 17:} 39... d5 40. Re3 Kf7 41. Bd3 Ne8 42. g4 Nd6 43. Re5 Ra6 44. Rxd5 Rxa3 45. Rd4 Kf6 46. h4 Ra2+ 47. Kh3 Ra3 48. Kg3 Kg7 49. h5 Nf7 50. Kh4 Kf6 51. Bxb5 Rf3 52. g5+ hxg5+ 53. Kg4 Rf2 54. fxg5+ Nxg5 55. Rf4+ Rxf4+ 56. Kxf4 Nf7 57. Be2 Nd6 58. Bd3 Ne8 59. Ke3 Kg5 60. Be2 Kh6 61. Kd4 Nc7 62. Kc4 Kg5 63. Kc5 Ne6+ 64. Kb6 Nd4 65. Bd1 Kf5 66. Bg4+ Kf6 67. Kc5 e5 68. Kd5 Nb5 69. Bd7 Nc3+ 70. Kc4 Ne4 {[%eval 231,56] [%wdl 1000,0,0]}) 40. Re3 Rb7 41. Kg2 Rc7 (41... Nd5 {leistet etwas mehr Widerstand}) 42. Kf2 Ra7 43. Ke2 Nd5 44. Rb3 Nb6 $2 $18 {[%mdl 2] Danach ist es endgültig aus. Schwarz hätte z.B. 44...Kf6 spielen sollen, um auf 45.Ld3 Sc7 antworten zu können.} 45. Bd3 Nc4 {erzwungen} 46. Bxc4 bxc4 47. Rc3 {Dieses Endspiel ist für Schwarz nicht mehr zu halten.} d5 48. Ke3 e6 49. Kd4 {Der weisse König kann jetzt seine Freibauern am Damenflügel unterstützen.} Kf6 50. b5 Ke7 51. Kc5 Rc7+ 52. Kb4 Kf6 53. a4 Kf5 54. a5 Rc8 55. b6 e5 56. a6 Rb8 {***AUFGEGEBEN***} 1-0

[Event "Match 79__120'/40"]
[Site "Zürich"]
[Date "2024.??.??"]
[Round "22"]
[White "Mephisto Polgar sel. 5"]
[Black "Mephisto Explorer Pro"]
[Result "0-1"]
[WhiteElo "1981"]
[BlackElo "2013"]
[Annotator "Utzinger,K"]
[PlyCount "73"]
[EventDate "2024.10.21"]
[EventType "match"]
[SourceVersionDate "2024.10.21"]

{[%evp 0,73,19,31,41,46,51,43,3,22,21,1,7,-1,13,13,13,7,42,-8,67,28,28,17,14,-49,-52,-52,-11,16,-15,-58,-53,-67,-69,-87,-129,-128,-61,-57,-50,-50,-46,-81,-161,-120,-242,-271,-292,-262,-285,-285,-312,-262,-294,-290,-282,-282,-238,-330,-322,-361,-333,-387,-519,-530,-530,-776,-779,-778,-785,-989,-1029,-29989,-29990,-29991]} 1. e4 e6 {Match 120'/40 | Bediener: Rolf Bühler | 22. Partie: Schwarz (Mephisto Explorer Pro) gewinnt | Zwischenstand: 12,5-9,5 (56,8%) für Mephisto Explorer Pro / hypothetisch: 12,5-9,5 (56,8%) für Mephisto Explorer Pro | Eröffnung: Französische Verteidigung, Tarrasch Variante | Der Mephisto Polgar ist völlig von der Rolle und kassiert die dritte Niederlage in Folge. Wie so oft geht es in der Französischen Verteidigung um das Zentrum und das Feld e5. Hier wickelt das Programm von Ed Schröder im 15. und 17. Zug falsch ab und gerät dann böse unter die Räder.} 2. d4 d5 3. Nd2 Nf6 4. e5 Nfd7 5. Bd3 c5 6. c3 Nc6 7. Ne2 cxd4 8. cxd4 {***ENDE BUCH***} Qb6 {***ENDE BUCH***} 9. Qa4 {Eine ungewöhnliche Art, um sein angegriffenes Zentrum zu schützen. Aber mit Weiss darf man sich das leisten, ohne in Nachteil zu geraten.} Bb4 $6 $16 {Die natürliche Reaktion darauf ist 10.a3. Und da Schwarz seinen besseren Läufer nicht tauschen sollte, müsste er unter Tempoverlust wieder zurück nach e7, wobei das Feld b4 den schwarzen Springern nicht mehr zur Verfügung steht. Kurzum: Kein guter Schachspieler käme auf die unglückliche Idee von 9...Lb4.} 10. a3 Be7 11. Nb3 $2 {Solche Züge, die Figuren auf schlechte Plätze stellen und hier noch die Bewegungsfreiheit der weissen Dame einschränken, verdienen ein Fragezeichen. Schwarz hat wieder leichten Ausgleich. Aber auch strategisch ist der Springerhupf nach b3 nicht angebracht. Der Stellungscharakter verlangt einen Angriff am Königsflügel. Somit verdienen 11.f4 oder 11.Sf3 den Vorzug. Im letzteren Fall kann Schwarz allerdings mit 11...Da5+ die Damen tauschen und einem Figurenangriff von Weiss am Königsflügel jeglichen Schwung nehmen.} Qc7 {Ein unnötiger Rückzug. Deshalb waren 11...f6 oder 11...0-0 stellungsgerechter.} 12. Bb5 $6 {Wenn Weiss nichts Besseres hat, als den gut platzierten Angriffsläufer erneut zu ziehen und erst noch auf ein ungünstigeres Feld, dann muss mit der weissen Stellung schon etwas nicht mehr ganz in Ordnung sein.} ({Mit} 12. Nd2 {käme Weiss noch zur richtigen Zeit in die Gänge.} Qa5 13. Qd1 f6 14. b4 Qb6 (14... Nxb4 15. axb4 Qxa1 16. O-O $16) 15. exf6 Nxf6 16. Nf3 $14) 12... O-O 13. Nd2 a6 14. Bd3 f6 {[#]} 15. Qc2 $2 {Ein strategischer Fehlentscheid. Der Bauer h7 ist weniger wichtig als das starke Bauernzentrum von Schwarz. In diesem Sinne sollte Weiss 15.exf6 oder 15.f4 spielen.} fxe5 16. Bxh7+ Kh8 {[#]} 17. dxe5 $2 $19 {[%mdl 32768] ***VERLUSTZUG*** Nur mit 17.0-0 konnte Weiss vielleicht noch mitspielen. Nach dem Textzug ist die Partie für Weiss absolut verloren.} Qxe5 {Das Schlagen 17...Sdxe5 sieht nicht nur logischer aus, sondern ist auch stärker.} 18. Nb3 Nc5 {Und hier erachten die Engines 18...a5 als am besten.} 19. f4 Qd6 20. Nxc5 Qxc5 21. Qg6 Rf6 22. Qd3 e5 $19 {Die schwarzen Figuren erwachen zum Leben. Eine genügende Verteidigung gibt es für Weiss schon nicht mehr. So droht vor allem ...e4 und der Lh7 geht in die Binsen.} 23. Be3 (23. fxe5 {ist die einzige Abwehr gegen ...e4, aber das ist noch schlechter als 23.Le3} Qf2+ 24. Kd1 Nxe5 25. Qc2 Bg4 26. Re1 Rc8 27. Qb1 Qxe2+ 28. Rxe2 Rf1+ 29. Kd2 Bg5+ 30. Re3 Rd1#) 23... Qd6 24. O-O {Noch am besten, bekommt Weiss doch 2 Bauern für seinen Lh7.} (24. fxe5 {hilft auch jetzt nicht mehr} Nxe5 25. Qc2 Bg4 26. h3 Bxe2 27. Qxe2 Kxh7 $19 {mit schwarzer Mehrfigur}) 24... e4 25. Bxe4 dxe4 26. Qxe4 Re6 {Nun wird dem Weissen seine Schwäche auf der e-Linie zum Verhängnis.} 27. Qf3 Qd3 28. Kf2 Bf6 29. Rfb1 Qc2 30. Qh5+ Kg8 31. Qd5 Bd4 {Der Todesstoss} 32. Bxd4 Nxd4 33. Qxd4 Rxe2+ 34. Kf1 Rd2 35. Qe3 Bf5 {Schwarz hat Mattangriff} 36. Qg3 Qc5 37. Re1 {***AUFGEGEBEN***} 0-1